| 000 | 00503nam a22001337a 4500 | ||
|---|---|---|---|
| 082 | _aMSEE-4 UBA | ||
| 100 |
_aUbaidullah _948468 |
||
| 245 | _aInterference aware dynamic path selection in multi-radio hybrid wireless mesh networks | ||
| 260 |
_aIslamabad _bNUST-SEECS _c2015 |
||
| 300 |
_a40p. _bill.; _eCD-ROM |
||
| 500 | _aSupervisors: Dr. Adnan Khalid Kiani, Dr. Rizwan Ahmad, Dr. Syed Ali Hassan, Dr. Syed Ali Haider | ||
| 856 | _uhttp://10.250.8.41:8080/xmlui/handle/123456789/8892 | ||
| 942 |
_cPR _2ddc |
||
| 999 |
_c13393 _d13393 |
||